000 00832nam a2200253Ia 4500
003 IN-BaIIA
008 211028s9999 xx s 000 0 eng d
020 _a978-3-540-43234-0 (Print)
020 _a978-3-540-45792-3 (Online)
022 _a0075-8450 (Print)
022 _a1616-6361 (Online)
040 _cIIA Library
100 _aPlessas, W., ed.
_940054
245 0 _aLectures on Quark Matter
_h[eBook]
260 _aHeidelberg, Berlin
_bSpringer Berlin Heidelberg
_c2002
300 _aOnline resource
490 _aLecture Notes in Physics
650 _a Astrophysics and Astroparticles
_918344
650 _a Nuclear Physics, Heavy Ions, Hadrons
_938413
650 _aPhysics
_973
700 _aMathelitsch, L., ed.
_940055
856 _uhttp://doi.org/10.1007/3-540-45792-5
_yClick Here to Access eBook
942 _cEB
999 _c21659
_d21659